Pupil personnel services: selected readings (Record no. 477473)

000 -LEADER
fixed length control field 00417cam a22001337a 4500
008 - FIXED-LENGTH DATA ELEMENTS--GENERAL INFORMATION
fixed length control field 180718b1967 xxu||||| |||| 00| 0 eng d
082 ## - DEWEY DECIMAL CLASSIFICATION NUMBER
Classification number P26x73 Sa37
245 ## - TITLE STATEMENT
Title Pupil personnel services: selected readings
Statement of responsibility, etc. edited by Glenn A. Saltzman and Herman J. Peters
260 ## - PUBLICATION, DISTRIBUTION, ETC.
Place of publication, distribution, etc. New York
Name of publisher, distributor, etc. Peacock
Date of publication, distribution, etc. 1967
300 ## - PHYSICAL DESCRIPTION
Extent 519p.
650 ## - SUBJECT ADDED ENTRY--TOPICAL TERM
Topical term or geographic name entry element Educational counseling
700 ## - ADDED ENTRY--PERSONAL NAME
Personal name Peters, Herman J.
700 ## - ADDED ENTRY--PERSONAL NAME
Personal name Saltzman, Glenn A.
Holdings
Withdrawn status Lost status Damaged status Not for loan Permanent Location Current Location Date acquired Full call number Barcode Date last seen Price effective from Koha item type
        Indian Institute of Public Administration Indian Institute of Public Administration 2018-08-04 P26x73 Sa37 GR8809 2018-08-04 2018-08-04 GR

Powered by Koha